logo

Bir Sreshtho Munshi Abdur Rouf Library
Jhenaidah Cadet College

আণবিক জীববিজ্ঞান / (Record no. 7778)

MARC details
000 -LEADER
fixed length control field 00705nam a2200229 a 4500
001 - CONTROL NUMBER
JCCL Control Number 7778
003 - CONTROL NUMBER IDENTIFIER
JCCL marc code BD-JhCC
005 - DATE AND TIME OF LATEST TRANSACTION
control field 20180213191715.0
008 - FIXED-LENGTH DATA ELEMENTS--GENERAL INFORMATION
fixed length control field 180213s1998 bg a|||| ||a| 001 0 ben d
020 ## - INTERNATIONAL STANDARD BOOK NUMBER
International Standard Book Number 9840737600
035 ## - SYSTEM CONTROL NUMBER
system control number (BD-JhCC)7778
040 ## - CATALOGING SOURCE
Original cataloging agency BD-JhCC
Modifying agency BD-JhCC
041 ## - LANGUAGE CODE
Language code of Book ben
082 ## - DEWEY DECIMAL CLASSIFICATION NUMBER
Classification number 574.8
Author mark and Year PAS 1998
100 ## - MAIN ENTRY--PERSONAL NAME
Personal name পাশা,মোস্তফা কামাল.
245 ## - TITLE STATEMENT
Title আণবিক জীববিজ্ঞান /
Statement of responsibility, etc ড. মোস্তফা কামাল পাশা.
260 ## - PUBLICATION, DISTRIBUTION, ETC. (IMPRINT)
Place of publication, distribution, etc ঢাকা :
Name of publisher, distributor, etc বাংলা একাডেমী ;
Date of publication, distribution, etc 1998 .
300 ## - PHYSICAL DESCRIPTION
Pagination 272 p. :
Other physical details ill ;
Dimensions 24 cm.
651 ## - SUBJECT ADDED ENTRY--GEOGRAPHIC NAME
Geographic name Molecular Biolgy
942 ## - ADDED ENTRY ELEMENTS (KOHA)
Source of classification or shelving scheme Library of Congress Classification
Koha item type Books
Holdings
Source of classification or shelving scheme Damaged status Not for loan Home library Current library Shelving location Cost, normal purchase price Total Checkouts Full call number Barcode Date last seen Copy number Koha item type
Dewey Decimal Classification     JCC Rouf Library JCC Rouf Library General Stacks 140.00   574.8 PAS 1998 10091 02/13/2018 C -1 Books

JCC Library | Contacts | JCC Home

Last Update on 23 September 2017
Copyright @ 2017-2020 JCC Rouf Library
Rouf Library, Jhenidah Cadet College (JCC), Bangladesh